| 000 | 01019cam a22002771i 4500 | ||
|---|---|---|---|
| 003 | SA-RiAUC | ||
| 005 | 20250603114721.0 | ||
| 008 | 250525q19001999ua g i000 0 ara c | ||
| 040 |
_aSA-JeALM _bara _cSA-RiAUC _erda |
||
| 082 | 0 | 4 | _a189.19 |
| 090 |
_a189.19 _bغ ز ا |
||
| 100 | 1 |
_aالغزالي، محمد، _d1917-1996 _eمؤلف. |
|
| 245 | 1 | 0 |
_aتراثنا الفكري في ميزان الشرع والعقل / _cمحمد الغزالي. |
| 264 | 1 |
_aالقاهرة : _bدار الشروق، _c[بين 1900 و1999] |
|
| 300 |
_a202 صفحة _c24 سم. |
||
| 336 |
_aنص _btxt _2rdacontent _3كتاب |
||
| 337 |
_aبدون وسيط _bn _2rdamedia |
||
| 338 |
_aمجلد _bnc _2rdacarrier |
||
| 650 | 7 |
_aالأدب _xتاريخ ونقد _2aucsh |
|
| 650 | 7 |
_aالتفكير _2aucsh |
|
| 650 | 7 |
_aالدعوة الإسلامية _2aucsh |
|
| 650 | 7 |
_aالإسلام _yقرن 20 _2aucsh |
|
| 650 | 7 |
_aالفلسفة الإسلامية _2aucsh |
|
| 942 |
_2ddc _cBOOK _n0 |
||
| 949 |
_aSA-JeALM _d250525 _uosman123 _n1 |
||
| 999 |
_c8695 _d8695 |
||